[Event "ROM-ch U10"]
[Site "Calimanesti Caciulata"]
[Date "2019.04.22"]
[Round "9"]
[White "Tanasie, Cosmin"]
[Black "Popescu, Stefan Adrian"]
[Result "0-1"]
[WhiteElo "1154"]
[BlackElo "1378"]
[PlyCount "76"]
[EventDate "2019.04.15"]
[EventType "swiss"]
[EventRounds "9"]
[EventCountry "ROU"]
[SourceTitle "CBM 190 Extra"]
[Source "ChessBase"]
[SourceDate "2019.07.15"]
[SourceVersion "1"]
[SourceVersionDate "2019.07.15"]
[SourceQuality "1"]

1. d4 d5 2. c4 e6 3. Nc3 c6 4. Nf3 Bd6 5. e4 Bb4 6. exd5 Bxc3+ 7. bxc3 exd5 8. cxd5 Qxd5 9. Be3 Ne7 10. Qd2 0-0 11. c4 Qd8 12. Be2 Nf5 13. 0-0 h6 14. Bf4 Qf6 15. Bd3 Be6 16. Rfc1 Nd7 17. Rab1 b6 18. Be4 Rac8 19. Ne5 Nxe5 20. Bxe5 Qe7 21. Re1 f6 22. Bf4 Qd7 23. Bxf5 Bxf5 24. Rbc1 Rfd8 25. Be3 Be6 26. Qe2 Re8 27. Qd2 Rcd8 28. h3 Qf7 29. Qc3 Qg6 30. Kh2 Qh7 31. c5 Bd5 32. cxb6 axb6 33. Qb4 Qg6 34. Rg1 b5 35. a4 bxa4 36. Qxa4 Ra8 37. Qc2 f5 38. Ra1 Rxa1 0-1